Central Library OPAC University of Rajshahi

পৃথিবীর আদিম সমাজ / (Record no. 40072)

MARC details
000 -LEADER
fixed length control field 01036nam a2200277 a 4500
001 - CONTROL NUMBER
control field 40072
003 - CONTROL NUMBER IDENTIFIER
rucl marc code BD-RjUL
005 - DATE AND TIME OF LATEST TRANSACTION
control field 20211209053129.0
008 - FIXED-LENGTH DATA ELEMENTS--GENERAL INFORMATION
fixed length control field 160421m19701982bg a|||| |||| 00| 0 ben d
020 ## - INTERNATIONAL STANDARD BOOK NUMBER
Terms of availability : Tk. 7.00
035 ## - SYSTEM CONTROL NUMBER
System control number (BD-RjUL) 40187
040 ## - CATALOGING SOURCE
Original cataloging agency BD-RjUL
Language of cataloging ben
Transcribing agency BD-RjUL
041 ## - LANGUAGE CODE
Language code of text/sound track or separate title ben
082 ## - DEWEY DECIMAL CLASSIFICATION NUMBER
Edition number 23
Classification number 301.7
Author mark and year AHP 1970-1982
100 ## - MAIN ENTRY--PERSONAL NAME
Personal name আহমেদ, নিজাম উদ্দিন
9 (RLIN) 123168
245 10 - TITLE STATEMENT
Title পৃথিবীর আদিম সমাজ /
Statement of responsibility, etc. নিজাম উদ্দিন আহমেদ
250 ## - EDITION STATEMENT
Edition statement ১ম সং.
260 ## - PUBLICATION, DISTRIBUTION, ETC. (IMPRINT)
Place of publication, distribution, etc. ঢাকা :
Name of publisher, distributor, etc. বাঙলা একাডেমী,
Date of publication, distribution, etc. ১৯৭০-১৯৮২
300 ## - PHYSICAL DESCRIPTION
Pagination ৭, [তিন], ২০৮ পৃ. :
Illustrations চিত্র ;
Size ২১ সেমি.
490 ## - SERIES STATEMENT
Series statement বা.এ. ;
Volume/sequential designation ৩২৪
504 ## - BIBLIOGRAPHY, ETC. NOTE
Bibliography, etc গ্রন্থপঞ্জী সংযুক্ত
650 ## - SUBJECT ADDED ENTRY--TOPICAL TERM
Topical term or geographic name as entry element আদিম সমাজ
9 (RLIN) 123424
Topical term or geographic name as entry element Primitive society
9 (RLIN) 123425
830 ## - SERIES ADDED ENTRY--UNIFORM TITLE
Uniform title বা.এ. ;
Volume number/sequential designation ৩২৪
942 ## - ADDED ENTRY ELEMENTS (KOHA)
Source of classification or shelving scheme Dewey Decimal Classification
Koha item type Books
Holdings
Lost status Source of classification or shelving scheme Damaged status Not for loan Collection code Permanent Location Current Location Shelving location Date acquired Cost, normal purchase price Total Checkouts Full call number Date last seen Copy number Koha item type Source of acquisition
  Dewey Decimal Classification     Non-fiction Central Library, University of Rajshahi Central Library, University of Rajshahi   08/05/1975 7.00   B 301.7 AHP 1970 21/04/2016 C-2 Books  
  Dewey Decimal Classification     Non-fiction Central Library, University of Rajshahi Central Library, University of Rajshahi   08/05/1976 7.00   B 301.7 AHP 1970 20/09/2016 C-3 Books Orientan Book Service, Dhaka
  Dewey Decimal Classification     Non-fiction Central Library, University of Rajshahi Central Library, University of Rajshahi   08/05/1976 7.00   B 301.7 AHP 1970 20/09/2016 C-4 Books Orientan Book Service, Dhaka
  Dewey Decimal Classification     Non-fiction Central Library, University of Rajshahi Central Library, University of Rajshahi   08/05/1975 7.00   B 301.7 AHP 1970 28/09/2016 C-5 Books Orientan Book Service, Dhaka